Normal view
MARC view
- Indulkar, C. S
Entry Personal Name
001 - CONTROL NUMBER
- control field: 101578
003 - CONTROL NUMBER IDENTIFIER
- control field: NUST
005 - DATE AND TIME OF LATEST TRANSACTION
- control field: 20221027181613.0
008 - FIXED-LENGTH DATA ELEMENTS
- fixed length control field: 221027|| aca||aabn | a|a d
040 ## - CATALOGING SOURCE
- Original cataloging agency: NUST
- Transcribing agency: NUST
100 ## - HEADING--PERSONAL NAME
- Personal name: Indulkar, C. S
670 ## - SOURCE DATA FOUND
- Source citation: Work cat.: (NUST)180512: Indulkar, C. S., Power system transients, 2003
